000 01395nab a22002537a 4500
999 _c5545
_d5545
003 OSt
005 20251215154313.0
008 190429b xxu||||| |||| 00| 0 spa d
040 _cPJ
100 _94726
_aGorra, Daniel Gustavo
245 1 3 _aConsideraciones sobre la constitucionalidad del art. 56 bis de la Ley de Ejecución de Penas Privativas de la Libertad /
260 _cCiudad Autónoma de Buenos Aires :
_aThomson Reuters La Ley,
_b2025.
300 _ap. 215-234
500 _aCita: AR/DOC/174/2025.
505 _aSumario: I. Introducción. Planteo del problema.— II. La modificación del art. 56 bis.— III. Antecedentes de la reforma.— IV. Tensiones. Reinserción vs. peligrosidad.— V. Jurisprudencia. Antes de la reforma del año 2017.— VI. Jurisprudencia. Tras la reforma del año 2017.— VII. Conclusiones.— VIII. Referencias bibliográficas.— IX. Jurisprudencia citada.
505 _tSi te interesa el texto completo, solicitalo a koha@justierradelfuego.gov.ar
650 0 _9343
_aDERECHO PENAL
650 0 _92208
_aPENA PRIVATIVA DE LA LIBERTAD
650 0 _94048
_aCUMPLIMIENTO DE LA PENA
650 0 _95662
_aADOLESCENTES
700 _96524
_aHerrera, Diego H.
_ecoautor
773 0 _02658
_93164
_tRevista de derecho penal y criminología. Nº 2 - Marzo 2025
_dCiudad Autónoma de Buenos Aires : Thomson Reuters La Ley, 2017-
_x00347914
942 _2udc
_cANA